00285nam a2200133Ia 45000030006000000080041000060400015000471000021000622450011000832600020000943000006001145460014001200050017001340STCL150530s9999 xx 000 0 und d aSTCLcSTCL aRaman Nair, C.I. aParker c1979aAlappuzha a0 aMalayalam20220125171608.0